| 000 | 00000nam 2200000za 4500 |
| 001 | 9.816898 |
| 003 | CaOODSP |
| 005 | 20221107142343 |
| 007 | cr ||||||||||| |
| 008 | 160809s2016 qucbd ob f000 0 eng d |
| 020 | |a978-0-660-05388-2 |
| 040 | |aCaOODSP|beng |
| 043 | |an-cn--- |
| 086 | 1 |aEn4-280/2016E-PDF |
| 245 | 00|aCanada's protected areas |h[electronic resource]. |
| 246 | 1 |iAt head of title: |aCanadian environmental sustainability indicators |
| 260 | |aGatineau, QC : |bEnvironment and Climate Change Canada, |cc2016. |
| 300 | |a24 p. : |bill. |
| 500 | |aIssued also in French under title: Aires protégées au Canada. |
| 500 | |a"July 2016." |
| 504 | |aIncludes bibliographical references (p. 23). |
| 692 | 07|2gccst|aConservation areas |
| 692 | 07|2gccst|aEnvironmental indicators |
| 710 | 1 |aCanada. |bEnvironment and Climate Change Canada. |
| 775 | 08|tAires protégées au Canada |w(CaOODSP)9.816899 |
| 856 | 40|qPDF|s795 KB|uhttps://publications.gc.ca/collections/collection_2016/eccc/En4-280-2016-eng.pdf |